000 01494cad a22003015a 4500
001 L157697
002
008 130313s2013 xxk 000 0 eng u
020 _a9781842199220
035 _a(Sirsi) u157697
041 0 _aeng
110 2 _aRoyal Institution of Chartered Surveyors
_94900
245 0 5 _aRICS real estate management
_bRICS guidance note
_h[electronic resource]
250 _a1st
260 _aCoventry
_bRICS
_c2013
350 _a20
490 0 _aRICS Guidance Note
490 0 _aRICS Practice Standards, Global
520 _aOUT OF DATE, SUPERSEDED BY 2ND EDITION (ISBN 9781783210732), ARCHIVED
520 _aProvides best practice guidance for real estate managers so that clients receive objective advice consistent with internationally recognised standards. Sets a framework for best practice in the execution and delivery of real estate management services, subject to local legislative requirements and local market specifics. Offers generic guidance applicable to the management of both residential and commercial real estate and will help meet relevant laws and ethical codes in all RICS world regions.
590 _aKA
651 4 _aInternational
690 _aProperty management
_96262
690 _aCommercial property
_96227
690 _aResidential property
_96266
856 4 0 _uhttps://www.rics.org/Global/Real_Estate_Management_1st_edition_PGguidance_2013.pdf
_zRICS members can access this guidance online at www.rics.org
942 _n0
999 _c114926
_d114926